000 00555cam a2200193 4500500
005 20260405000647.0
041 _afre
042 _adc
100 1 0 _aEngel, Pascal
_eauthor
245 0 0 _aLe puritanisme du Vrai
260 _c2008.
500 _a27
690 _aPuritanisme
690 _aScepticisme
690 _aScience
690 _aVérité
786 0 _nPhilosophie magazine | 24 | 11 | 2008-11-01 | p. 11-11 | 1951-1787
856 4 1 _uhttps://shs.cairn.info/magazine-philosophie-magazine-2008-11-page-11?lang=fr&redirect-ssocas=7080
999 _c2039454
_d2039454